000 00638nam a2200217 i 4500
001 29152
003 ES-MaACL
005 20251003063043.0
007 t|
008 030121s1909 fr ||||1| fre d
100 1 _aBarbey d'Aurevilly, Jules Amédée,
_d1808-1889
_925447
245 1 0 _aOeuvres /
_cde Jules Amadée Barley d'Aurevilley.
260 _aParís :
_bAlphonse Lemerre,
_c1909.
300 _a253 p. ;
_c16 cm.
505 8 _aContiene: Premiéres. Rhytmes oublés. Amaidée
740 0 _aPremiéres.
740 0 _aRhytmes oublés.
740 0 _aAmaidée.
852 _aES-MaACL
_jG-2432
999 _c29152
_d29152